000 00537nam a22001937a 4500
003 OSt
005 20181205154843.0
008 131029b2016 mex spa
020 _a978-607-15-1374-8
040 _cBMC
082 _a658.152
100 1 _96165
_aBaca Urbina, Gabriel
245 1 0 _aEvaluación de proyectos
_cGabriel Baca Urbina
250 _a8ª ed
260 _aMéxico, D.F. [etc.]
_bMcGraw-Hill
_ccop. 2016
300 _aX, 417 p.
_bil., gráf.
_c27 cm
650 2 4 _96014
_aEvaluación de proyectos
942 _2ddc
_cBK
999 _c29852
_d29852